[Event "Bundesliga 8586"]
[Site "Germany"]
[Date "1986.??.??"]
[Round "?"]
[White "Mack, Peter"]
[Black "Lehmann, Klaus"]
[Result "1-0"]
[WhiteElo "2280"]
[BlackElo "2225"]

1.Nf3 d5 2.g3 c6 3.Bg2 Bg4 4.O-O Nd7 5.d3 Ngf6 6.h3 Bh5 7.b3 e5 8.c4 dxc4
9.dxc4 Qc7 10.Nh4 Bc5 11.Qc2 Bg6 12.Nxg6 hxg6 13.Nc3 O-O 14.g4 Rfe8 15.g5 Nh7
16.Ne4 Be7 17.h4 Nhf8 18.Bb2 Ne6 19.e3 Nec5 20.Nxc5 Bxc5 21.Bc3 Qd6 22.b4 Bb6
23.c5 Nxc5 24.Rfd1 Qe7 25.bxc5 Qxc5 26.Rd7 Re7 27.Rad1 Rae8 28.Qb3 a5 29.a4 Kh7
30.Bb2 Qb4 31.Qc2 Qxh4 32.Ba3 Rxd7 33.Rxd7 Qxg5 34.Rxf7 Bxe3 35.Rf3 Bxf2+
36.Qxf2 e4 37.Rh3+ Kg8 38.Rg3 Qe5 39.Bf1 b5 40.axb5 cxb5 41.Bxb5 Qa1+ 42.Kg2 Re5
43.Bb2 Qb1 44.Bc4+ Kh7 45.Bxe5  1-0

[Event "Bundesliga 8586"]
[Site "Germany"]
[Date "1986.??.??"]
[Round "?"]
[White "Mack, Peter"]
[Black "Eppinger, Georg"]
[Result "1/2-1/2"]
[WhiteElo "2280"]
[BlackElo "2335"]

1.Nf3 d5 2.g3 Nc6 3.d4 Bg4 4.Bg2 e6 5.O-O Be7 6.b3 Bf6 7.Bb2 Nge7 8.Nbd2 O-O
9.h3 Bxf3 10.Nxf3 Nf5 11.Rc1 h6 12.Ne5 Nfxd4 13.Nxc6 Nxc6 14.Bxf6 Qxf6 15.c4 d4
16.f4 Rab8 17.Bxc6 bxc6 18.c5 Rfd8 19.Rc4 Rd5 20.Rf3 e5 21.Qd3 Qe7 22.fxe5 Rxe5
23.Rxd4 Rxe2 24.Rxf7 Re1+ 25.Kf2 Qxf7+ 26.Kxe1 Qe6+ 27.Kd2 Qxh3 28.Rd8+  1/2-1/2

[Event "Bundesliga 8586"]
[Site "Germany"]
[Date "1986.??.??"]
[Round "?"]
[White "Gutman, Lev"]
[Black "Vatter, Hans Joachim"]
[Result "1/2-1/2"]
[WhiteElo "2445"]
[BlackElo "2265"]

1.Nf3 d5 2.g3 Nf6 3.Bg2 Bf5 4.d3 c6 5.O-O h6 6.Nbd2 Bh7 7.c4 e6 8.cxd5 cxd5
9.Ne5 Bd6 10.Qa4+ Nbd7 11.Ndf3 O-O 12.Nxd7 Qxd7 13.Qxd7 Nxd7 14.Be3 Rfc8
15.Rfc1 Kf8 16.Nd4 a6 17.Nb3 Be5 18.Rab1 Ke8 19.Bd4 Bxd4 20.Nxd4 Kd8 21.f4 Rxc1+
22.Rxc1 Rc8 23.Rb1 Ke7 24.Kf2 Kd6 25.Ke3 f6 26.Bh3 Bg8 27.Kd2 Rc7 28.a4 g6
29.b4 e5 30.Bxd7 exd4 31.Be8 Bf7 32.Bxf7 Rxf7 33.b5 a5 34.b6 Kc6 35.Rb5 Rd7
36.e3 dxe3+ 37.Kxe3 Re7+ 38.Kd4 Re2 39.Rxa5 Rxh2 40.Rxd5 Ra2 41.Ra5 Kxb6
42.Ra8 Rg2 43.Rf8 Rxg3 44.Rxf6+ Ka5 45.Rf7 Kb6 46.Ke4 h5 47.Rh7 Rg1 48.d4 Re1+
49.Kd5 Rf1 50.Rh6 Rxf4 51.Rxg6+ Kc7  1/2-1/2

[Event "Bundesliga 8586"]
[Site "Germany"]
[Date "1986.??.??"]
[Round "?"]
[White "Brunner, Lucas"]
[Black "Konieczka, Frank"]
[Result "1-0"]
[WhiteElo "2290"]
[BlackElo "2240"]

1.Nf3 d5 2.g3 Nf6 3.Bg2 e6 4.d4 Be7 5.c4 O-O 6.Qc2 dxc4 7.Qxc4 a6 8.Bf4 Nd5
9.O-O Nxf4 10.gxf4 Bd7 11.Nc3 Bd6 12.e3 Bc6 13.Qd3 h6 14.Rfd1 Nd7 15.Rac1 Qe7
16.Qf1 Nf6 17.Ne5 Bxg2 18.Qxg2 Rab8 19.Kh1 Rfd8 20.Rg1 Qf8 21.Ne4 Nxe4 22.Qxe4 c5
23.dxc5 Bxc5 24.Nxf7 Qxf7 25.Rxc5 Rd7 26.Re5 Re7 27.Rg6 Rbe8 28.h4 Kh8 29.Kh2 Kg8
30.Kg2 Kh8 31.a3 Kg8 32.Kf1 Kh8 33.Ke2 Kg8 34.Kd2 Kh8 35.Kc2 Kg8 36.Kb1 Kh8
37.Rh5 e5 38.fxe5 Qb3 39.Rgxh6+  1-0

[Event "Bundesliga 8586"]
[Site "Germany"]
[Date "1986.??.??"]
[Round "?"]
[White "Brunner, Lucas"]
[Black "Sonntag, Hans Hubert"]
[Result "1/2-1/2"]
[WhiteElo "2350"]
[BlackElo "2295"]

1.Nf3 d5 2.g3 Nf6 3.Bg2 c6 4.d3 Bf5 5.O-O e6 6.Nbd2 Be7 7.Qe1 h6 8.e4 dxe4
9.dxe4 Bh7 10.Qe2 O-O 11.b3 Nbd7 12.Bb2 Nc5 13.Ne5 Nfd7 14.Nxd7 Nxd7 15.f4 Re8
16.Kh1 Qc7 17.a4 Bf6 18.Bxf6 Nxf6 19.Nc4 Re7 20.e5 Ne8 21.a5 Rd7 22.Rfd1 Rad8
23.Bf3 Kf8 24.Kg2 Rd4 25.Rxd4 Rxd4 26.Rd1 Qd7 27.Rxd4 Qxd4 28.a6 bxa6 29.Bxc6 Nc7
30.Qe3 Nb5 31.Bxb5 Qxe3 32.Nxe3 axb5 33.b4 Be4+ 34.Kf2 Ke7 35.Ke2 Kd7 36.Kd2 Kc6
37.Kc3 Bf3 38.Kd4 Be2 39.f5 Bf3 40.c3 Kb6 41.fxe6 fxe6 42.Nc2 Bd1 43.Ne3 Bf3
44.h4 Kc6 45.Nc2 Bd1 46.Ne1 Be2 47.Ng2 g5 48.hxg5 hxg5 49.Ke4 Kb6 50.Ne3 a5
51.bxa5+  1/2-1/2

[Event "Bundesliga 8586"]
[Site "Germany"]
[Date "1986.??.??"]
[Round "?"]
[White "Davies, Nigel R"]
[Black "Herbrechtsmeier, Christof"]
[Result "1-0"]
[WhiteElo "2410"]
[BlackElo "2320"]

1.Nf3 d5 2.g3 Nc6 3.c4 d4 4.Bg2 g6 5.O-O Bg7 6.d3 Nf6 7.Na3 O-O 8.Nc2 a5
9.b3 Nd7 10.Rb1 Nc5 11.Ba3 Na6 12.Bb2 Nab4 13.a3 Nxc2 14.Qxc2 Bf5 15.Rbd1 Qd7
16.e4 Bg4 17.Rde1 Bxf3 18.Bxf3 g5 19.e5 Nxe5 20.Bxb7 c6 21.Rxe5 Bxe5 22.Bxa8 Rxa8
23.Bc1 Bf6 24.f4 h6 25.Qd1 Qh3 26.Bd2 c5 27.Qf3 Rb8 28.Rb1 a4 29.b4 Qf5 30.g4 Qd7
31.b5 Qb7 32.Kg2 e6 33.Qxb7 Rxb7 34.Kf3 Kg7 35.Ke4 Bd8 36.f5 Kf6 37.Rf1 Ke7
38.fxe6 fxe6 39.Rf3 Ke8 40.Be1 Rh7 41.Bg3 h5 42.gxh5 Rxh5 43.Rf2 Ke7 44.Kf3 Rh7
45.Kg4 Kd7 46.Re2 Rf7 47.Rf2 Rh7 48.Rf3 Rg7 49.Rf8 Ke7 50.Rf1 Kd7 51.Rf8 Rh7
52.h3 Rg7 53.Be5 Rh7 54.Rg8 Rh4+ 55.Kg3 Rh7 56.Rf8 Bc7 57.Bxc7 Kxc7 58.Re8 Rh6
59.Re7+ Kc8 60.Rg7 Rh5 61.b6 Kb8 62.Rc7 g4 63.hxg4 Rh1 64.g5 Ra1 65.Kf4 Rxa3
66.g6 Ra1 67.g7 Rg1 68.Ke5 a3 69.Kf6 a2 70.Ra7 Rf1+ 71.Kxe6 Rg1 72.Kd5 Rxg7
73.Rxa2  1-0

[Event "Bundesliga 8586"]
[Site "Germany"]
[Date "1986.??.??"]
[Round "?"]
[White "Gruen, Peter"]
[Black "Grzesik, Frank"]
[Result "1/2-1/2"]
[WhiteElo "2410"]
[BlackElo "2285"]

1.Nf3 d5 2.g3 Bf5 3.c4 e6 4.cxd5 exd5 5.Qb3 Na6 6.Nd4 Bc8 7.Bg2 Nf6 8.O-O Be7
9.Nc3 c6 10.d3 O-O 11.Rd1 Bc5 12.Nf3 Qb6 13.Qxb6 Bxb6 14.Bg5 Ng4 15.d4 h6
16.Bd2 Re8 17.a3 Nc7 18.h3 Nf6 19.Na4 Rxe2 20.Be3 Ne4 21.g4 f5 22.gxf5 Bxf5
23.Bf1 Rxe3 24.fxe3 Rf8 25.Nxb6 axb6 26.Bg2 Bxh3 27.Rf1 Bxg2 28.Kxg2 Ne8
29.Ne5 Rxf1 30.Kxf1 N8d6 31.a4 g5 32.Ke2 Kg7 33.Nd7 Nc8 34.b4 Ned6 35.Rf1 Ne4
36.Rf8 Ncd6 37.Rd8 Nc3+ 38.Kf3 Nxa4 39.Nxb6 Nxb6 40.Rxd6 Nc8 41.Rd8 Ne7 42.Rd7 Kf6
43.Kg4 Nf5 44.Kf3 b5 45.Rc7 Ne7 46.Kg4 Ke6 47.Kh5 Kd6 48.Ra7 Nf5 49.Ra3 Ke6
50.Kg6 g4 51.Ra6 Nxe3 52.Rxc6+ Kd7 53.Rc3 Nf1 54.Rc2 g3 55.Re2 Kd6 56.Rg2  1/2-1/2

[Event "Bundesliga 8586"]
[Site "Germany"]
[Date "1986.??.??"]
[Round "?"]
[White "Dresen, Ulrich"]
[Black "Miles, Anthony J"]
[Result "0-1"]
[WhiteElo "2350"]
[BlackElo "2610"]

1.g3 d5 2.Nf3 Nf6 3.Bg2 Bf5 4.c4 c6 5.Qb3 Qc7 6.d3 e6 7.Bf4 Qb6 8.Be3 dxc4
9.Bxb6 cxb3 10.axb3 Bb4+ 11.Nbd2 Nbd7 12.Ba5 Bxa5 13.Rxa5 Ke7 14.O-O h6 15.Rfa1 a6
16.Nd4 Bh7 17.Bxc6 bxc6 18.Nxc6+ Kd6 19.Nb4 Rhc8 20.Nc4+ Ke7 21.Rxa6 Rxa6
22.Rxa6 Nb8 23.Ra8 Nfd7 24.Na6 Rf8 25.Nb4 f6 26.Ra7 Rc8 27.f4 Bg6 28.Kf2 Kd8
29.e4 Rc7 30.Ra8 Ke7 31.Nc2 Rb7 32.b4 Nb6 33.Nxb6 Rxb6 34.Ra7+ Kf8 35.Ke3 Nc6
36.Ra8+ Be8 37.Kd2 Nxb4 38.Nxb4 Rxb4 39.Kc3 Rb7 40.Rc8 Ke7 41.b4 Bb5 42.Rc5 Kd7
43.d4 Rc7 44.d5 e5 45.fxe5 fxe5 46.Kd2 Rxc5 47.bxc5 Kc7 48.h4 h5 49.Kc3 Kb7
50.Kd2 Ka6 51.Ke3 Ka5 52.Kf3 Kb4 53.c6 Kc5 54.g4 g6 55.gxh5 gxh5 56.Ke3 Kc4  0-1

[Event "Bundesliga 8586"]
[Site "Germany"]
[Date "1986.??.??"]
[Round "?"]
[White "Gutman, Lev"]
[Black "Pfleger, Helmut"]
[Result "1-0"]
[WhiteElo "2485"]
[BlackElo "2490"]

1.Nf3 d5 2.g3 Nf6 3.Bg2 g6 4.c4 c6 5.Qa4 dxc4 6.Qxc4 Bg7 7.O-O Nbd7 8.Nc3 O-O
9.d4 Nb6 10.Qd3 a5 11.Rd1 a4 12.h3 Nfd5 13.e4 Nb4 14.Qe2 Be6 15.Be3 Bc4 16.Qd2 Qc8
17.Bh6 f6 18.Bxg7 Kxg7 19.Nxa4 Rxa4 20.b3 Bxb3 21.axb3 Rxa1 22.Rxa1 Na6 23.Bf1 Qe6
24.Qe3 Nc7 25.Rc1 Qd6 26.h4 Ra8 27.h5 Ra2 28.h6+ Kf7 29.d5 Nd7 30.dxc6 bxc6
31.b4 Rb2 32.e5 Nxe5 33.Nxe5+ Qxe5 34.Qxe5 fxe5 35.Rxc6 Nd5 36.b5 Rb1 37.Kg2 e4
38.Bc4 e6 39.b6 Rb2 40.Kh3 Rxf2 41.b7 Rb2 42.Rc5 Rxb7 43.Rxd5 exd5 44.Bxd5+ Kf6
45.Bxb7 e3 46.Kg2 Kg5 47.Kf3 Kxh6 48.Kxe3 Kg5 49.Bc8 Kf6 50.Kf3 h5 51.Kg2 Ke5
52.Kh3 g5 53.Bb7 h4 54.g4 Kf4 55.Bc6 Ke3 56.Kg2 Kf4 57.Bd7 Ke3 58.Bb5 Ke4
59.Kf2 Kf4 60.Bd7 Ke4 61.Bc8  1-0

[Event "Bundesliga 8586"]
[Site "Germany"]
[Date "1986.??.??"]
[Round "?"]
[White "Gutman, Lev"]
[Black "Pritchett, Craig William"]
[Result "1-0"]
[WhiteElo "2485"]
[BlackElo "2395"]

1.Nf3 d5 2.g3 Bg4 3.Bg2 c6 4.d3 Nd7 5.Nbd2 Ngf6 6.h3 Bxf3 7.Nxf3 g6 8.O-O Bg7
9.Qe1 O-O 10.e4 dxe4 11.dxe4 Nc5 12.e5 Nd5 13.h4 Qc7 14.h5 a5 15.Qe2 Qd7
16.Qc4 Ne6 17.Bd2 Rfd8 18.Rad1 Qc7 19.Bh3 Nf8 20.Rfe1 b5 21.Qe4 e6 22.c4 bxc4
23.Qxc4 Qb6 24.Bc1 Qb4 25.Qc2 c5 26.Ng5 c4 27.Bg2 Rac8 28.Qe2 Qb5 29.Qf3 Qe8
30.Qa3 Nb4 31.Qxa5 Nd3 32.Rf1 Rc5 33.Qa7 Rxe5  1-0

[Event "EU-ch U20"]
[Site "Groningen"]
[Date "1986.??.??"]
[Round "?"]
[White "Ninov, Kiril"]
[Black "Blatny, Pavel"]
[Result "1/2-1/2"]
[WhiteElo "2315"]
[BlackElo "2410"]

1.Nf3 d5 2.g3 Nf6 3.Bg2 e6 4.O-O Be7 5.d4 O-O 6.c4 dxc4 7.Ne5 c5 8.dxc5 Bxc5
9.Nc3 Qe7 10.Bg5 Rd8 11.Qc2 Bd4 12.Nxc4 Nc6 13.Ne4 h6 14.Bxf6 Bxf6 15.Rad1 Nd4
16.Nxf6+ Qxf6 17.Qe4 Rb8 18.Ne5 Nc6 19.Rxd8+ Qxd8 20.Qf4 Nxe5 21.Qxe5 Ra8
22.Rc1 Qd2 23.Qc7 e5 24.Qc2 Qa5 25.a3 Be6 26.Bxb7 Rd8 27.Rd1 Rb8 28.Be4 g6
29.Qd2 Qa4 30.Bg2 Qb3 31.Bd5 Bxd5 32.Qxd5 Qxb2 33.Qd6 Kg7 34.Rd5 Re8 35.Rd2 Qc3
36.Kg2 Re6 37.Qb4 Qxb4 38.axb4 Rb6 39.Rd7 a6 40.Ra7 Kf6 41.h4 h5 42.Kf3 Ke6
43.e4 f5 44.exf5+ Kxf5 45.Ke3 Ke6 46.Rc7 Kd6 47.Rc4 Rc6 48.Kd3 Kd5 49.Rxc6 Kxc6
50.f3 Kd5 51.g4 Kd6 52.Ke4 Ke6 53.gxh5 gxh5 54.f4 exf4 55.Kxf4 Kf6 56.Ke4 Ke6  1/2-1/2

[Event "ISL-ch"]
[Site "Grundarfjordur"]
[Date "1986.??.??"]
[Round "9"]
[White "Bjarnason, Saevar"]
[Black "Jonsson, Bjorgvin"]
[Result "1/2-1/2"]
[WhiteElo "2395"]
[BlackElo "2290"]

1.Nf3 d5 2.g3 Nf6 3.Bg2 c6 4.O-O Bf5 5.d3 e6 6.Nbd2 Bc5 7.b3 O-O 8.Bb2 Qe7
9.a3 Nbd7 10.Nh4 Bg4 11.h3 Bh5 12.g4 Ne8 13.Ndf3 Bg6 14.Nxg6 hxg6 15.c4 Bd6
16.cxd5 exd5 17.Qd2 Nc7 18.e4 dxe4 19.dxe4 Rad8 20.Nd4 Nc5 21.Qc3 N7e6 22.Nxe6 Nxe6
23.b4 Bc7 24.Rfd1 Rxd1+ 25.Rxd1 Rd8 26.Rxd8+ Qxd8 27.Bf1 Qd6 28.e5 Qd1 29.Qd3 Qxd3
30.Bxd3 Nf4 31.Bf1 g5 32.Bc1 Ne6 33.Bb2 Kf8 34.Kg2 Ke7 35.Kf3 Bb6 36.a4 Bd4
37.Bxd4 Nxd4+ 38.Ke4 Ne6 39.Bc4 Nf4 40.h4 Nh3 41.h5 Nxf2+ 42.Kf5 Nh3 43.e6 fxe6+
44.Bxe6 Nf4 45.Bc4 b5 46.axb5 cxb5 47.Bxb5 Nd5 48.Kxg5 Nxb4 49.Kg6 Kf8 50.Kh7 Nd5
51.g5 Nf4 52.h6 gxh6 53.gxh6 Ng2 54.Bc4 Nh4 55.Be6 a5  1/2-1/2

[Event "Hastings8687"]
[Site "Hastings"]
[Date "1986.??.??"]
[Round "?"]
[White "Hodgson, Julian M"]
[Black "Large, Peter G"]
[Result "1/2-1/2"]
[WhiteElo "2500"]
[BlackElo "2370"]

1.g3 d5 2.Nf3 Nf6 3.Bg2 e6 4.O-O b6 5.d3 Bb7 6.Nbd2 Nbd7 7.e4 dxe4 8.Ng5 Nc5
9.Ngxe4 Nfxe4 10.Nxe4 Nxe4 11.Bxe4 Bxe4 12.dxe4 Qxd1 13.Rxd1 Bd6 14.Be3 O-O-O  1/2-1/2

[Event "Havana-B"]
[Site "Havana"]
[Date "1986.??.??"]
[Round "?"]
[White "Garcia Martinez, Silvino"]
[Black "Hernandez, Alberto"]
[Result "1-0"]
[WhiteElo "2455"]
[BlackElo "2335"]

1.Nf3 d5 2.g3 g6 3.Bg2 Bg7 4.O-O Nf6 5.d3 O-O 6.Nbd2 c5 7.c3 b6 8.Re1 Nc6
9.e4 e6 10.a3 a5 11.e5 Nd7 12.d4 b5 13.Nf1 Ba6 14.Bg5 Qb6 15.h4 b4 16.N1h2 h6
17.Bf4 bxc3 18.bxc3 Qb2 19.Bh3 Bc4 20.Ng4 Kh7 21.Rb1 Qxa3 22.Rb7 Ra7 23.Rxa7 Nxa7
24.Qd2 h5 25.Nf6+ Bxf6 26.exf6 cxd4 27.Ng5+ Kg8 28.cxd4 Nxf6 29.Be5 Nd7 30.Nxe6 Nxe5
31.Qh6 fxe6 32.Bxe6+ Rf7 33.Bxf7+ Kxf7 34.Qh7+ Kf8 35.Rxe5 Nc6 36.Qh8+ Kf7
37.Qe8+ Kg7 38.Qxc6 Qa1+ 39.Kh2 Qxd4 40.Re3 Qf6 41.Qc7+ Kh6 42.Kg2 d4 43.Re7 g5
44.Rd7 gxh4 45.Qxc4  1-0

[Event "Helsinki"]
[Site "Helsinki"]
[Date "1986.??.??"]
[Round "1"]
[White "Karlsson, Lars"]
[Black "Binham, Timothy F"]
[Result "1-0"]
[WhiteElo "2520"]
[BlackElo "2370"]

1.Nf3 d5 2.g3 Nf6 3.Bg2 c6 4.O-O Bf5 5.d3 e6 6.c4 Bc5 7.Qc2 Nbd7 8.a3 a5
9.cxd5 cxd5 10.Nc3 h6 11.Qb3 O-O 12.Bf4 Qe7 13.Qxb7 g5 14.d4 gxf4 15.dxc5 Qxc5
16.Qb3 Rab8 17.Qd1 fxg3 18.hxg3 Qb6 19.Na4 Qa7 20.Nd4 Ne5 21.Nxf5 exf5 22.Qd2 Neg4
23.Qf4 Rfe8 24.Bf3 Re5 25.Rad1 Rc8 26.Qd4 Qe7 27.Nb6 Re8 28.Kg2 Ne4 29.Bxg4 fxg4
30.Nxd5 Qg5  1-0

[Event "Helsinki"]
[Site "Helsinki"]
[Date "1986.??.??"]
[Round "2"]
[White "Karlsson, Lars"]
[Black "Timoshchenko, Gennadi A"]
[Result "1/2-1/2"]
[WhiteElo "2520"]
[BlackElo "2475"]

1.Nf3 d5 2.g3 b6 3.Bg2 Bb7 4.O-O e6 5.b3 Nf6 6.Bb2 Be7 7.d3 O-O 8.Nbd2 c5
9.e3 Nc6 10.Qe2 Rc8 11.c4 Qd7 12.a3 Rfd8 13.Rfd1 dxc4 14.Nxc4 b5 15.Nce5 Nxe5
16.Nxe5 Qc7 17.Rac1 Bxg2 18.Kxg2 Qb7+ 19.Qf3 Qxf3+ 20.Kxf3 Nd5 21.Ke2 f6
22.Nf3 Nb6  1/2-1/2

[Event "Helsinki"]
[Site "Helsinki"]
[Date "1986.??.??"]
[Round "10"]
[White "Karlsson, Lars"]
[Black "Rantanen, Yrjo A"]
[Result "1-0"]
[WhiteElo "2520"]
[BlackElo "2395"]

1.Nf3 d5 2.g3 e6 3.Bg2 Nf6 4.O-O Be7 5.b3 c6 6.Bb2 O-O 7.d3 a5 8.a3 b6 9.Nfd2 Ba6
10.e4 Ra7 11.e5 Nfd7 12.f4 a4 13.f5 exf5 14.Rxf5 axb3 15.Nxb3 Nc5 16.Nxc5 Bxc5+
17.Kh1 Bc8 18.Rf1 Be6 19.d4 Be7 20.Nc3 Nd7 21.Ne2 Qa8 22.Qd3 g6 23.Qe3 b5
24.Nf4 Bg5 25.h4 Bh6 26.Rae1 Bg4 27.Bf3 Bh3 28.Rf2 Nb6 29.Bc1 Nc4 30.Qe2 Bxf4
31.Bxf4 f6 32.exf6 Rxf6 33.Bh6 Re6 34.Qd1 Rf7 35.g4 Qe8 36.Rxe6 Qxe6 37.Re2 Qd7
38.Qe1 Nd6 39.Qg3 Bf1 40.Re3 Bc4 41.Qxd6 Qxd6 42.Re8+ Rf8 43.Rxf8+ Qxf8 44.Bxf8 Kxf8
45.g5 Ke7 46.Kg2 Kd6 47.Kf2 c5 48.Ke3 Bf1 49.Bg4 Bg2 50.c3 c4 51.Kf4 Be4
52.h5 Bc2 53.h6 Bd3 54.Bc8 Bc2 55.Ba6 Ba4 56.Ke3 Kc7 57.Kf3 Kd7 58.Ke2 Kc7
59.Ke3 Kd7 60.Bb7 Kd6 61.Kd2 Ke6 62.Bc8+ Ke7 63.Bf5 Kf7 64.Bb1 Bb3 65.Ke3 Bd1
66.Kf4 Be2 67.Ke5 Bd3 68.Ba2 Be4 69.Kd6 Ke8 70.Kc6 Kd8 71.Kxb5 Kc7 72.Kc5 Kb7
73.Kd6 Kb6 74.Ke5 Kb5 75.a4+  1-0

[Event "HUN-ch"]
[Site "?"]
[Date "1986.??.??"]
[Round "?"]
[White "Horvath, Jozsef"]
[Black "Utasi, Tamas"]
[Result "1-0"]
[WhiteElo "2475"]
[BlackElo "2440"]

1.Nf3 d5 2.g3 Nc6 3.d4 Bg4 4.Bg2 Qd7 5.O-O h5 6.c3 h4 7.Nbd2 O-O-O 8.b4 Qf5
9.b5 Nb8 10.Ne5 Nh6 11.f3 Bh5 12.g4 Qe6 13.gxh5 h3 14.Bh1 g6 15.Kf2 gxh5
16.Rg1 Nf5 17.e4 dxe4 18.fxe4 Nd6 19.Qf3 Bh6 20.Nb3 b6 21.Bb2 Rdf8 22.Ke2 Nd7
23.Nxd7 Qxd7 24.e5 Qxb5+ 25.Kf2 Nc4 26.Bc1 Bxc1 27.Raxc1 e6 28.Qb7+  1-0

[Event "URS-FL"]
[Site "Irkutsk"]
[Date "1986.??.??"]
[Round "?"]
[White "Pigusov, Evgeny"]
[Black "Bareev, Evgeny"]
[Result "1/2-1/2"]
[WhiteElo "2500"]
[BlackElo "2470"]

1.Nf3 d5 2.g3 c6 3.Bg2 g6 4.O-O Bg7 5.d4 Nf6 6.b3 O-O 7.Bb2 a5 8.c4 a4 9.cxd5 Nxd5
10.e4 Nc7 11.Na3 c5 12.Nc4 cxd4 13.Bxd4 axb3 14.axb3 Nc6 15.Bxg7 Kxg7 16.Rxa8 Qxd1  1/2-1/2

[Event "URS-FL"]
[Site "Irkutsk"]
[Date "1986.??.??"]
[Round "?"]
[White "Romanishin, Oleg M"]
[Black "Dolmatov, Sergey"]
[Result "1/2-1/2"]
[WhiteElo "2560"]
[BlackElo "2510"]

1.Nf3 d5 2.g3 c6 3.Bg2 Bg4 4.c4 Bxf3 5.Bxf3 e6 6.O-O Nf6 7.d4 Be7 8.Nc3 Nbd7
9.e4 Nxe4 10.Nxe4 dxe4 11.Bxe4 Nf6 12.Bg2 O-O 13.Be3 a5 14.Qe2 a4 15.Rab1 Ra6
16.Rfd1 Qd7 17.Rd2 Rd8 18.Rbd1 h6 19.Bf4 Qc8 20.Rd3 Rd7 21.Be5 Qd8 22.a3 Ra8
23.d5 cxd5 24.Bxf6 Bxf6 25.cxd5 exd5 26.Bxd5  1/2-1/2

[Event "URS-FL"]
[Site "Irkutsk"]
[Date "1986.??.??"]
[Round "?"]
[White "Romanishin, Oleg M"]
[Black "Balashov, Yuri S"]
[Result "1-0"]
[WhiteElo "2560"]
[BlackElo "2530"]

1.Nf3 d5 2.g3 c5 3.Bg2 Nc6 4.d4 e6 5.O-O cxd4 6.Nxd4 Bc5 7.Nb3 Bb6 8.c4 Nge7
9.Nc3 dxc4 10.Qxd8+ Bxd8 11.Nd2 Na5 12.b4 cxb3 13.axb3 Nf5 14.Rd1 Nc6 15.Nc4 O-O
16.Ba3 Be7 17.Bxe7 Nfxe7 18.Nb5 e5 19.Nb6 Rb8 20.Nxa7 Nxa7 21.Rxa7 Nc6 22.Bxc6 bxc6
23.Nc4 Rxb3 24.Nxe5 Rb7 25.Nxc6 Rxa7 26.Nxa7 Ba6 27.Rd2 Re8 28.Kf1 Kf8 29.Nc6 Bb7
30.Nd4 g6 31.f3 Rc8 32.Kf2 Rc4 33.h4 h5 34.Ke3 Ke7 35.Rb2 Bc8 36.Rc2 Rxc2
37.Nxc2 f6 38.Nb4 Ke6 39.Kd4 Bd7 40.Nd3 Bb5 41.Nf4+ Kf7 42.e4 Bc6 43.Nd3 Ke6
44.f4 Kd6 45.Nc5 Ke7 46.e5 Bf3 47.Ne4 fxe5+ 48.fxe5 Bg4 49.Nc5 Bh3 50.Ke4 Bg4
51.Ke3 Bf5 52.Kf4 Kf7 53.Na6 Ke7 54.Nb4 Bb1 55.Nc6+ Ke6 56.Nd4+ Kd5 57.Nf3 Ke6
58.Ng5+ Kd5 59.Nf7 Ke6 60.Nh8  1-0

[Event "URS-FL"]
[Site "Irkutsk"]
[Date "1986.??.??"]
[Round "?"]
[White "Pigusov, Evgeny"]
[Black "Vyzmanavin, Alexey"]
[Result "1/2-1/2"]
[WhiteElo "2500"]
[BlackElo "2480"]

1.Nf3 d5 2.g3 Nf6 3.Bg2 Bf5 4.c4 c6 5.cxd5 cxd5 6.Qb3 Qb6 7.Qxb6 axb6 8.Nc3 Nc6
9.d3 e6 10.O-O Bc5 11.Bd2 Bg4 12.Rfc1 Kd7 13.h3 Bxf3 14.Bxf3 Rhc8 15.Bg2 Ne8
16.Kf1 Nd6 17.e3 Nf5 18.Ke2 Be7 19.Nb5 Bb4 20.Bc3 Bxc3 21.bxc3 Ra4 22.Rcb1 Rca8
23.Rb2 Nd6 24.Nxd6 Kxd6 25.Kd2 b5 26.Bf3 Ra3 27.Bd1 R8a5 28.Bc2 Kc7 29.h4 h6
30.Bd1 e5 31.Bb3 f6 32.f4 Kd6 33.fxe5+ Kxe5 34.Rf1 b4 35.d4+ Kd6 36.g4 bxc3+
37.Kxc3 Ra8 38.g5 fxg5 39.hxg5 h5 40.Rf7 Re8 41.Re2 Re7 42.Rf5 Ra5 43.g6  1/2-1/2

[Event "Jajce (Women)"]
[Site "Jajce"]
[Date "1986.??.??"]
[Round "5"]
[White "Cejic, Dusica"]
[Black "Madl, Ildiko"]
[Result "1/2-1/2"]
[WhiteElo "2050"]
[BlackElo "2220"]

1.Nf3 d5 2.g3 e6 3.Bg2 Nf6 4.O-O Be7 5.c4 O-O 6.d4 c5 7.cxd5 exd5 8.Nc3 Nc6
9.b3 Ne4 10.Bb2 Bf6 11.Na4  1/2-1/2

[Event "Jajce (Women)"]
[Site "Jajce"]
[Date "1986.??.??"]
[Round "11"]
[White "Akhmilovskaya, Elena"]
[Black "Madl, Ildiko"]
[Result "1/2-1/2"]
[WhiteElo "2290"]
[BlackElo "2220"]

1.Nf3 d5 2.g3 c5 3.Bg2 Nc6 4.O-O e6 5.d3 g6 6.e4 Bg7 7.Nbd2 Nge7 8.Re1 b6
9.Nf1 h6 10.h4 dxe4 11.dxe4 Qxd1 12.Rxd1 Ba6 13.c3 O-O 14.Bf4 Rfd8 15.g4 Rxd1
16.Rxd1 Rd8 17.Rxd8+ Nxd8 18.Ne3 Ndc6 19.Bf1 Bb7 20.Nc4 Nc8 21.a4 N6e7 22.Nfd2 Nc6
23.f3 Kf8 24.Nb3 Ke7 25.a5 Kd7 26.a6 Bxa6 27.Nxb6+ axb6 28.Bxa6 Nd6 29.Be2 Ne5
30.Kf2 Kc6 31.Bc1 Nec4 32.Ke1 b5 33.Kd1 Bf6 34.g5 hxg5 35.hxg5 Bg7 36.Na1 Bh8
37.Nc2 b4 38.cxb4  1/2-1/2

[Event "UKR-ch"]
[Site "Kiev"]
[Date "1986.??.??"]
[Round "6"]
[White "Gofshtein, Leonid D"]
[Black "Neverov, Valeriy"]
[Result "1-0"]
[WhiteElo "2385"]
[BlackElo "2465"]

1.Nf3 d5 2.g3 c6 3.Bg2 Bg4 4.d3 Nd7 5.Nbd2 e6 6.O-O Ngf6 7.b3 Be7 8.Bb2 O-O
9.h3 Bh5 10.c4 Bd6 11.a3 e5 12.cxd5 cxd5 13.Rc1 Re8 14.Nh4 a5 15.Nb1 Ra6
16.Nc3 e4 17.dxe4 dxe4 18.Nf5 Be5 19.Rc2 Bg6 20.Ne3 Rd6 21.Qa1 Rc6 22.Rd2 Qb8
23.Nb5 Bxb2 24.Qxb2 h5 25.Rfd1 h4 26.g4 Nc5 27.Nd4 Rd6 28.Qc3 Ne6 29.Nxe6 Rdxe6
30.Qxa5 b6 31.Qg5 Qa8 32.a4 Re5 33.Qxh4 b5 34.Rd4 bxa4 35.bxa4 Qa7 36.Qg3 Ra5
37.Rd8 Rxa4 38.g5 Qe7 39.gxf6 Qxd8  1-0

[Event "DSV-Turnier"]
[Site "Leipzig"]
[Date "1986.??.??"]
[Round "2"]
[White "Espig, Lutz"]
[Black "Tischbierek, Raj"]
[Result "0-1"]
[WhiteElo "2395"]
[BlackElo "2425"]

1.Nf3 d5 2.g3 Bg4 3.Bg2 Nd7 4.c4 c6 5.cxd5 cxd5 6.Qb3 Nc5 7.Qe3 e6 8.O-O Nf6
9.b4 Ncd7 10.a3 Bd6 11.Bb2 O-O 12.h3 Bxf3 13.Qxf3 Be5 14.d4 Bd6 15.Nd2 a5
16.bxa5 Qxa5 17.Qd3 Qa6 18.Qxa6 Rxa6 19.e4 dxe4 20.Nxe4 Nxe4 21.Bxe4 Nf6
22.Bd3 Rb6 23.Rfb1 Rc8 24.Kf1 Rb3 25.Ke2 Nd5 26.Kd2 Bc7 27.Be4 Ba5+ 28.Ke2 g6
29.Bxd5 Rc2+ 30.Kf1 exd5 31.Bc1 Rf3 32.Be3 Bd2 33.Ke2 Bxe3+ 34.Kxf3 Bxd4
35.Rf1 Bxa1 36.Rxa1 Rc3+ 37.Ke2 Rb3 38.a4 d4 39.a5 f5 40.a6 bxa6 41.Rxa6 f4
42.gxf4 Rxh3 43.Rd6 d3+ 44.Kf1 Rh1+ 45.Kg2 Rd1 46.Kf3 Kf7 47.Ke3 h5 48.f5 gxf5
49.Rh6 Rh1 50.Kxd3 Kg7 51.Ra6 Re1 52.Kd2 Re8 53.Ra1 Kh6 54.f4 h4 55.Rg1 Re4
56.Rg8 Rxf4 57.Ke3 Rg4 58.Rh8+ Kg7 59.Rh5 Kg6 60.Rh8 Kg7 61.Rh5 Kf6 62.Rh8 Ra4
63.Kf3 Ra3+ 64.Kf4 Ra4+ 65.Kf3 Kg7 66.Rh5 Kg6 67.Rh8 Ra3+ 68.Kg2 Kg5 69.Rg8+ Kf4
70.Rb8 Rg3+ 71.Kf1 Kg4 72.Rg8+ Kh3 73.Rh8 Rb3 74.Rh7 Kg4 75.Ra7 Rb2 76.Kg1 Rc2
77.Ra4+ Kg3 78.Ra3+ Kf4 79.Ra4+ Kg5 80.Ra8 Rb2 81.Rg8+ Kf4 82.Ra8 Kg4 83.Rg8+ Kf3
84.Ra8 f4 85.Ra3+ Kg4 86.Ra8 Kg3 87.Rg8+ Kf3 88.Ra8 Rb1+ 89.Kh2 Re1 90.Ra3+ Kf2
91.Ra4 f3 92.Rxh4 Kf1 93.Ra4 f2 94.Ra2 Re7  0-1

[Event "Lisboa"]
[Site "Lisboa"]
[Date "1986.??.??"]
[Round "?"]
[White "Davies, Nigel R"]
[Black "Antunes, Antonio"]
[Result "1/2-1/2"]
[WhiteElo "2410"]
[BlackElo "2455"]

1.Nf3 d5 2.g3 Bg4 3.Ne5 Bh5 4.c4 Nd7 5.Nxd7 Qxd7 6.cxd5 Qxd5 7.f3 e5 8.Nc3 Qd7
9.Bg2 Nf6 10.O-O Bc5+ 11.Kh1 O-O 12.d3 c6 13.Qa4 Bd4 14.Bd2 Rae8 15.Rac1 Bg6
16.Rfd1 Nh5 17.Ne4 f5 18.Nc5 Qe7 19.e3 Bxc5 20.Qc4+ Rf7 21.Qxc5 Qxc5 22.Rxc5 Rd7
23.Bc3 e4 24.g4 fxg4 25.fxe4 Nf6 26.Bd4 h5 27.b4 a6 28.a4 h4 29.Rg5 Kh7 30.Bxf6 h3
31.Bd4 hxg2+ 32.Kxg2 Kh6 33.Rc5 Re6 34.a5 Rf7 35.Rf1 Rxf1 36.Kxf1 Re7 37.Kg2 Rf7
38.Re5 Kh7 39.Rg5 Rd7 40.Rxg4 Re7 41.Rh4+ Kg8 42.Kf2 Bf7 43.Ke1 Re6 44.Rf4 Rg6
45.Kf2 Rd6 46.h4 Ba2 47.Rg4 Rd7 48.Ke2 Rf7 49.Kd2 Kh7 50.Kc3 Kh6 51.Rg5 Be6
52.Be5 Rd7 53.Bf4 Kh7 54.Rg3 Bf7 55.Rg1 Bh5 56.Rg5 Bf7 57.Be5 Ba2 58.Rg2 Be6
59.Rg1 Ba2 60.Rg4 Bb1 61.Bd4 Ba2 62.Rg2 Bg8 63.Bc5 Kh6 64.Rg5 Bh7 65.Re5 Bg6
66.Bf8 Bh5 67.Re6+ Kh7 68.e5 Kg8 69.Bc5 Kf7 70.Rd6 Rxd6 71.exd6 Ke6 72.Kd2 g6
73.e4 Bg4 74.Ke3 Ke5 75.d4+ Kf6 76.Bb6 Bd7 77.Bd8+ Kf7 78.Kf4 Ke6 79.Be7 Bc8
80.Ke3 Kf7 81.Kf4 Ke6 82.Kg5 Kf7 83.d5 cxd5 84.exd5 Bd7  1/2-1/2

[Event "GLC Masters"]
[Site "London"]
[Date "1986.??.??"]
[Round "3"]
[White "Levitt, Jonathan"]
[Black "Mannion, Stephen R"]
[Result "1-0"]
[WhiteElo "2395"]
[BlackElo "2260"]

1.Nf3 d5 2.g3 Nf6 3.Bg2 Bf5 4.O-O e6 5.d3 h6 6.Nbd2 Be7 7.Qe1 O-O 8.e4 Bh7
9.Qe2 c5 10.Ne5 Nc6 11.Nxc6 bxc6 12.b3 Re8 13.Bb2 Nd7 14.Rae1 Bf6 15.e5 Be7
16.Bh3 Qa5 17.a3 c4 18.bxc4 Reb8 19.cxd5 cxd5 20.Nb3 Qa6 21.Qd1 Bxd3 22.cxd3 Qa4
23.Nd4 Qxd1 24.Rxd1 Rxb2 25.Nxe6 Nxe5 26.Nc7 Rd8 27.Bg2 d4 28.a4 Ra2 29.Rfe1 Bf6
30.Be4 Ng4 31.Ra1 Rxa1 32.Rxa1 Rc8 33.Rb1 g6 34.Nd5 Bd8 35.Rb7 a5 36.h3 Ne5
37.Ne7+ Bxe7 38.Rxe7 Nc6 39.Bxc6 Rxc6 40.Rd7 Rb6 41.Rxd4 Rb4 42.Rc4 Rb3 43.Rc5 Rxd3
44.Kf1 Ra3 45.Rxa5 Ra2 46.g4 Kg7 47.Ra6 g5 48.Kg2 Ra3 49.a5 Ra2 50.Ra8 Ra4
51.a6 Ra2 52.Kf3 Ra3+ 53.Kg2 Ra2 54.Kg3 Ra4 55.f3 Ra3 56.Kf2 Ra2+ 57.Ke3 Ra4
58.Kd3 Rf4 59.Rd8 Rxf3+ 60.Kc4 Ra3 61.Kb5 Rxh3 62.a7 Ra3 63.a8=Q Rxa8 64.Rxa8 h5
65.gxh5 Kh6 66.Kc4 f5 67.Kd3 Kxh5 68.Ke3 Kg4 69.Rg8  1-0